|
|
|
|
| LEADER |
01305nam a2200325 a 4500 |
| 001 |
AAL178 |
| 003 |
BD-DhAAL |
| 005 |
20160210164752.0 |
| 008 |
150210s1991 caua b 000 0 eng |
| 010 |
|
|
|a 91017363
|
| 020 |
|
|
|a 1558151486 (pbk.) :
|c $9.95
|
| 040 |
|
|
|a DLC
|c DLC
|d DLC
|d BD-DhAAL
|
| 050 |
0 |
0 |
|a HC59.7
|b .C638 1991
|
| 082 |
0 |
0 |
|a 338.9/009172/4
|2 20
|
| 999 |
|
|
|c 33652
|d 33652
|
| 999 |
|
|
|c 33652
|
| 100 |
1 |
|
|a Cooper, Richard N.
|9 8233
|
| 245 |
1 |
0 |
|a Economic stabilization in developing countries /
|c Richard N. Cooper.
|
| 260 |
|
|
|a San Francisco, Calif. :
|b ICS Press,
|c c1991.
|
| 300 |
|
|
|a 102 p. :
|b ill. ;
|c 23 cm.
|
| 490 |
1 |
|
|a Occasional papers ;
|v no. 14
|
| 500 |
|
|
|a "An International Center for Economic Growth publication."
|
| 504 |
|
|
|a Includes bibliographical references (p. [100]-102).
|
| 541 |
|
|
|e 178
|
| 650 |
|
0 |
|a Economic stabilization
|z Developing countries.
|9 8234
|
| 650 |
|
0 |
|a Debts, External
|z Developing countries.
|9 8235
|
| 651 |
|
0 |
|a Developing countries
|x Economic policy.
|9 8236
|
| 830 |
|
0 |
|a Occasional papers (International Center for Economic Growth) ;
|v no. 14.
|9 8237
|
| 942 |
|
|
|2 ddc
|c BK
|
| 952 |
|
|
|0 0
|1 0
|2 ddc
|4 0
|6 338_900917240000000_COO
|7 0
|9 52552
|a SCL
|b SCL
|c GEN
|d 2015-02-10
|e Gift: The Asia Foundation
|l 0
|o 338.90091724 COO
|p 3020000178
|r 2015-02-10
|t 1
|w 2015-02-10
|y BK
|